Financialization, Dependence, and State Regulation: The Accumulation Strategies of German Energy Companies in Hungary

Článok objasňuje dôležitosť viacúrovňového chápania stratégií akumulácie energetických spoločností. Skúma dve obdobia akumulačných stratégií nemeckých energetických spoločností v Maďarsku. Prvé obdobie sleduje príbeh prevzatia maďarských energetických spoločností v sektore elektriny a zemného plynu...

Descrizione completa

Salvato in:
Dettagli Bibliografici
Autore principale: Márton, Czirfusz
Natura: Capitolo di libro
Lingua:inglese
Soggetti:
Tags: Aggiungi Tag
Nessun Tag, puoi essere il primo ad aggiungerne!!

MARC

LEADER 00000naa a2200000 4500
001 0303149
005 20240723120835.2
041 0 |a eng 
044 |a GB 
245 1 0 |a Financialization, Dependence, and State Regulation: The Accumulation Strategies of German Energy Companies in Hungary  |c Czirfusz Márton 
520 |a Článok objasňuje dôležitosť viacúrovňového chápania stratégií akumulácie energetických spoločností. Skúma dve obdobia akumulačných stratégií nemeckých energetických spoločností v Maďarsku. Prvé obdobie sleduje príbeh prevzatia maďarských energetických spoločností v sektore elektriny a zemného plynu nemeckými spoločnosťami v polovici 90. rokov a spôsob stabilizácie tokov svojich ziskov z Maďarska. Druhé obdobie začína okolo roku 2010 a končí čiastočným odchodom nemeckých spoločností z maďarského trhu. 
610 2 0 |a energetika 
610 2 0 |a financovanie 
610 2 0 |a regulácia štátna 
610 2 0 |a závislosť energetická 
610 2 0 |a akumulácia 
610 2 0 |a trh energetický 
610 2 0 |a Maďarsko 
610 2 0 |a Nemecko 
100 1 |a Márton, Czirfusz